|
|
|
|
| LEADER |
00000nab a2200000 a 4500 |
| 001 |
vtls009477022 |
| 003 |
SK-MaSNL |
| 005 |
20260319070807.0 |
| 008 |
090225|2009 xo m| | |00 0|hun |
| 038 |
|
|
|a KEVKJB
|
| 040 |
|
|
|a KEVKJB
|b slo
|c KEVKJB
|e AACR2
|
| 041 |
0 |
|
|a hun
|
| 044 |
|
|
|a xo
|c SK
|
| 080 |
|
|
|a 656.21
|2 2001
|
| 245 |
0 |
0 |
|a Integrált közlekedési rendszer
|c [autor] gyop
|
| 300 |
|
|
|b Fotogr.
|
| 650 |
0 |
7 |
|a integrovaný systém hromadnej dopravy
|2 kevkjb
|9 1046983
|
| 650 |
0 |
7 |
|a mestská hromadná doprava
|z Košice (Slovensko)
|2 kevkjb
|9 1034550
|
| 651 |
|
7 |
|a Košice (Slovensko)
|2 kevkjb
|9 18694
|
| 773 |
0 |
|
|t Kassai Figyelő
|g Évf. VII, sz. 2 (2009), o. 6
|
| 852 |
|
|
|a KEVKJB
|b KIS3GCP
|
| 958 |
|
|
|a HU
|
| 999 |
|
|
|c 1720921
|d 1722851
|